| 000 | 00429nam a2200169Ia 4500 | ||
|---|---|---|---|
| 008 | 221030s9999 xx 000 0 und d | ||
| 020 | _a8186555218 | ||
| 041 | _aEnglish | ||
| 082 |
_a105.23 _bMit |
||
| 100 | _aG. K. Mithal | ||
| 245 | 0 |
_aEngineering Economics & Management _cby G. K. Mithal, R Mittal |
|
| 260 |
_bG. K. Pub _aNew Delhi _c1996 |
||
| 300 | _a323 | ||
| 650 | _aBE Management | ||
| 700 | _aR Mittal | ||
| 942 | _cBK | ||
| 999 |
_c2290 _d2290 |
||